00718nam a22002057a 450000500170000001000150001702000260003203500140005803700090007208200130008110000250009424500540011925000060017326000400017927000740021930000200029394200240031399900190033795201560035620260121151251.0 aENG-147615 a9788119670154c595.00 aEN-131147 bDBAD a158.121 aAron, Sunita 986745 aSatraps, Coalitions and Power Games/cSunita Aron a1 aNew DelhibVitasta Publishingc2025 a2/15,Ansari Road,Daryaganj,bNew Delhie110002mvitastapublishing.com a244p.c22cm(hb) 2ddccENh158.1mARO c214403d214403 001040708NFICaZLSbZLSd2026-01-21eDelivery of Books Act Divisiong595.00l0o158.1 AROpEN-131147r2026-01-21 00:00:00t1v595.00w2026-01-21yEN